| 000 | 00352nam a22001337a 4500 | ||
|---|---|---|---|
| 020 | _a9780070621053 | ||
| 082 |
_222 _a658.404 |
||
| 100 | _aKohli, Uddesh and Chitkara, K. K. | ||
| 245 | _aProject management handbook / | ||
| 250 | _aNA | ||
| 260 |
_aNew Delhi, _bTata McGrew Hill, _cc2008. |
||
| 300 |
_axvi,518 ;p. ; _bill. ; _c24 cm. |
||
| 942 |
_2ddc _cMAG _07 |
||
| 999 |
_c846 _d846 |
||